| 000 | 00491nam a2200169Ia 4500 | ||
|---|---|---|---|
| 999 |
_c12396 _d12396 |
||
| 003 | OSt | ||
| 005 | 20201015125147.0 | ||
| 008 | 190216s9999||||xx |||||||||||||| ||und|| | ||
| 040 | _coclc | ||
| 082 |
_a823.912 _bCHR/D |
||
| 100 |
_aChristie, Agatha _95075 |
||
| 245 | 0 |
_aDeath In The Clouds / _cAgatha christie |
|
| 260 |
_bJaico Publishing House, _c1970. _aBombay: |
||
| 300 | _a189p | ||
| 650 | _aEnglish Novel | ||
| 942 |
_cBK _2ddc _h823.912 _iCHR/D _k823.912 _mCHR/D |
||